[Event "Vienna Chess Open 2015 Group A"]
[Site "Grosser Festsaal im Wiener Rathaus, 1010 Wien"]
[Date "2015.08.16"]
[Round "2"]
[Board "17"]
[White "Steiner, Bruno"]
[Black "Stanec, Nikolaus"]
[Result "1/2-1/2"]
[WhiteElo "2206"]
[BlackElo "2474"]
[PlyCount "42"]
[EventDate "2015.08.15"]
[EventRounds "9"]
[EventCountry "AUT"]

1.c4 e5 2.g3 Nc6 3.Nc3 g6 4.Bg2 Bg7 5.d3 d6 6.e4 Nge7 7.Nge2 O-O 8.O-O Rb8 9.b3 Nd4
10.Nxd4 exd4 11.Ne2 c5 12.Nf4 b5 13.Bh3 Bxh3 14.Nxh3 Qd7 15.Nf4 a6 16.Re1 Rfe8 17.Bd2
h5 18.Kg2 Bf6 19.Qf3 Be5 20.Nd5 Nxd5 21.exd5 Qg4 1/2-1/2

[Event "Vienna Chess Open 2015 Group A"]
[Site "Grosser Festsaal im Wiener Rathaus, 1010 Wien"]
[Date "2015.08.16"]
[Round "2"]
[Board "18"]
[White "Hertneck, Gerald"]
[Black "Pfreundt, Jakob"]
[Result "1/2-1/2"]
[WhiteElo "2469"]
[BlackElo "2206"]
[PlyCount "63"]
[EventDate "2015.08.15"]
[EventRounds "9"]
[EventCountry "AUT"]

1.c4 e6 2.Nc3 d5 3.d4 Nf6 4.Nf3 Be7 5.Bf4 O-O 6.e3 Nbd7 7.Rc1 a6 8.c5 Nh5 9.Bd3 Nxf4
10.exf4 c6 11.O-O b6 12.b4 a5 13.a3 axb4 14.axb4 bxc5 15.bxc5 Ba6 16.Bxa6 Rxa6 17.f5
exf5 18.Qd3 Ra3 19.Qxf5 Bf6 20.Rfe1 g6 21.Qh3 Re8 22.Rxe8+ Qxe8 23.Re1 Qd8 24.Nb1
Rb3 25.Nbd2 Ra3 26.Qg3 Bxd4 27.Qd6 Bxc5 28.Qxc6 Be7 29.Qxd5 Nf6 30.Qxd8+ Bxd8 31.Nc4
Ra7 32.g3 1/2-1/2

[Event "Vienna Chess Open 2015 Group A"]
[Site "Grosser Festsaal im Wiener Rathaus, 1010 Wien"]
[Date "2015.08.16"]
[Round "2"]
[Board "19"]
[White "Assaubayeva, Bibissara"]
[Black "Rombaldoni, Denis"]
[Result "0-1"]
[WhiteElo "2205"]
[BlackElo "2467"]
[PlyCount "140"]
[EventDate "2015.08.15"]
[EventRounds "9"]
[EventCountry "AUT"]

1.d4 Nf6 2.c4 e6 3.Nf3 d5 4.Nc3 Bb4 5.cxd5 exd5 6.Bg5 Nbd7 7.e3 c5 8.Bd3 Qa5 9.Qc2
c4 10.Bf5 O-O 11.O-O Re8 12.Nd2 g6 13.Bh3 Kg7 14.Bxd7 Nxd7 15.a3 Bxc3 16.bxc3 Nb6
17.f3 f6 18.Bf4 g5 19.Bd6 Rxe3 20.Bb4 Qa4 21.Qc1 Qe8 22.Ne4 Rxe4 23.fxe4 dxe4 24.d5
Nxd5 25.Bc5 Bg4 26.Bd4 Kg6 27.Ra2 Qe7 28.Raf2 Rf8 29.Qb1 Nf4 30.Rxf4 gxf4 31.Rxf4
f5 32.h3 Bxh3 33.Qf1 Bg4 34.Qxc4 e3 35.Qd3 h5 36.Qxe3 Qxe3+ 37.Bxe3 a6 38.Rb4 b5 39.Kf2
Rc8 40.a4 bxa4 41.Rxa4 Rc6 42.c4 Kf6 43.c5 Ke6 44.Bf4 Bd1 45.Ra1 Bc2 46.Ra2 Be4 47.Bd6
Kd5 48.Kg3 Kc4 49.Kh4 Kb3 50.Ra1 Bxg2 51.Kxh5 Be4 52.Kg5 Kb4 53.Ra2 a5 54.Rb2+ Kc4
55.Rb6 Kd5 56.Rxc6 Kxc6 57.Kf4 a4 58.Ke3 a3 59.Kd2 a2 60.Be5 f4 61.Bd4 Kd5 62.Ba1
Kxc5 63.Kc3 Kd5 64.Kd2 Bf5 65.Ke2 Ke4 66.Bb2 Bg4+ 67.Kd2 f3 68.Ke1 Ke3 69.Bc1+ Kd3
70.Bb2 Kc2 0-1

[Event "Vienna Chess Open 2015 Group A"]
[Site "Grosser Festsaal im Wiener Rathaus, 1010 Wien"]
[Date "2015.08.16"]
[Round "2"]
[Board "20"]
[White "Mons, Léon"]
[Black "Lenaerts, Lennert"]
[Result "0-1"]
[WhiteElo "2464"]
[BlackElo "2204"]
[PlyCount "74"]
[EventDate "2015.08.15"]
[EventRounds "9"]
[EventCountry "AUT"]

1.Nf3 d5 2.g3 c6 3.Bg2 Bg4 4.c4 e6 5.O-O Nd7 6.cxd5 exd5 7.d3 Ngf6 8.Nc3 Bd6 9.h3
Bxf3 10.Bxf3 O-O 11.e4 dxe4 12.dxe4 Bb4 13.Bf4 Re8 14.Qc2 Ne5 15.Bg2 Qd3 16.Qb3 Bxc3
17.Bxe5 Rxe5 18.Qxb7 Rae8 19.bxc3 Qxc3 20.Qxa7 h5 21.Rac1 Qd2 22.Rxc6 h4 23.g4 Nxe4
24.Rc7 Ra5 25.Qb7 Ng5 26.Rd7 Qc3 27.Qb3 Qxb3 28.axb3 Rb8 29.Rb1 Rab5 30.Rd3 Ne6 31.Bf1
Rb4 32.Rc3 Nd4 33.Bc4 Kf8 34.Kg2 Rc8 35.Re3 Rcxc4 36.Ra1 Rc8 37.Ra7 Ne6 0-1

[Event "Vienna Chess Open 2015 Group A"]
[Site "Grosser Festsaal im Wiener Rathaus, 1010 Wien"]
[Date "2015.08.16"]
[Round "2"]
[Board "21"]
[White "Lipok, Christoph"]
[Black "Moroni, Luca"]
[Result "0-1"]
[WhiteElo "2203"]
[BlackElo "2461"]
[PlyCount "60"]
[EventDate "2015.08.15"]
[EventRounds "9"]
[EventCountry "AUT"]

1.d4 d5 2.c4 e6 3.Nc3 a6 4.g3 dxc4 5.Bg2 c5 6.d5 Nf6 7.Bf4 exd5 8.Nxd5 Nxd5 9.Qxd5
Qxd5 10.Bxd5 Nc6 11.Bxc6+ bxc6 12.Nf3 Be6 13.O-O-O Be7 14.Ng5 Bf5 15.e4 Bg6 16.f3
h6 17.Nh3 f6 18.Ng1 f5 19.e5 Bf7 20.Ne2 Bd5 21.Rhf1 Kf7 22.Be3 Rab8 23.g4 Be6 24.Nc3
Rhd8 25.Rxd8 Rxd8 26.Na4 Rd5 27.Nc3 Rxe5 28.Bg1 fxg4 29.fxg4+ Kg6 30.h3 Bd5 0-1

[Event "Vienna Chess Open 2015 Group A"]
[Site "Grosser Festsaal im Wiener Rathaus, 1010 Wien"]
[Date "2015.08.16"]
[Round "2"]
[Board "22"]
[White "Feuerstack, Aljoscha"]
[Black "Karas, Marek"]
[Result "1-0"]
[WhiteElo "2458"]
[BlackElo "2202"]
[PlyCount "135"]
[EventDate "2015.08.15"]
[EventRounds "9"]
[EventCountry "AUT"]

1.e4 e6 2.d4 d5 3.Nd2 c5 4.Ngf3 cxd4 5.exd5 Qxd5 6.Bc4 Qd6 7.O-O Nf6 8.Nb3 Nc6 9.Nbxd4
Nxd4 10.Nxd4 a6 11.Re1 Qc7 12.Qe2 Bd7 13.g3 O-O-O 14.a4 Nd5 15.Bxd5 exd5 16.Bg5 f6
17.Ne6 Bxe6 18.Qxe6+ Qd7 19.Bf4 Bc5 20.Qxd7+ Kxd7 21.Rad1 Kc6 22.Re6+ Kd7 23.Re2 Kc6
24.Re6+ Kd7 25.Re2 Kc6 26.b4 Bxb4 27.Re6+ Kd7 28.Rb6 a5 29.c3 Bxc3 30.Rxd5+ Ke7 31.Rc5
Bb4 32.Rc7+ Rd7 33.Rxd7+ Kxd7 34.Rxb7+ Ke6 35.Rxg7 h5 36.Rb7 Rd8 37.Rb6+ Kf5 38.Rb5+
Ke4 39.Bc7 Rd5 40.f3+ Kd4 41.Bb6+ Kc4 42.Rxd5 Kxd5 43.Kg2 Ke5 44.Kf2 Kd5 45.Ke3 Kc4
46.g4 hxg4 47.fxg4 Kd5 48.h4 Ke6 49.Ke4 Be1 50.h5 Bd2 51.Be3 Bc3 52.h6 Kf7 53.Kf5
Bb4 54.Bb6 Bd2 55.Bd8 Bxh6 56.Bxa5 Ke7 57.Bb4+ Kd7 58.Kxf6 Kc6 59.Ke6 Be3 60.Ke5 Bg5
61.Bc3 Kc5 62.Kf5 Be3 63.Ke6 Kc4 64.Be1 Kd4 65.Kd6 Ke4 66.a5 Kf4 67.a6 Kxg4 68.Bb4 1-0

[Event "Vienna Chess Open 2015 Group A"]
[Site "Grosser Festsaal im Wiener Rathaus, 1010 Wien"]
[Date "2015.08.16"]
[Round "2"]
[Board "23"]
[White "Knitl, Anton"]
[Black "Govciyan, Pavel"]
[Result "1/2-1/2"]
[WhiteElo "2199"]
[BlackElo "2448"]
[PlyCount "75"]
[EventDate "2015.08.15"]
[EventRounds "9"]
[EventCountry "AUT"]

1.d4 Nf6 2.Nf3 g6 3.c4 c5 4.d5 b5 5.cxb5 a6 6.Qc2 d6 7.e4 Bg7 8.Nc3 O-O 9.a4 e6 10.dxe6
fxe6 11.e5 dxe5 12.Be3 Qe7 13.Be2 axb5 14.Nxb5 Na6 15.O-O e4 16.Nd2 Bb7 17.Rac1 Nd5
18.Bxc5 Nxc5 19.Qxc5 Qh4 20.g3 Qh3 21.Nxe4 Rac8 22.Qa3 Rcd8 23.Nbd6 Ba8 24.Bf3 Bxb2
25.Qxb2 Rxf3 26.Qe5 h6 27.Rfd1 Rdf8 28.Rc8 Qg4 29.Rxd5 Bxd5 30.Rc7 R3f6 31.Nxf6+ Rxf6
32.Rc8+ Rf8 33.Rxf8+ Kxf8 34.Qf6+ Kg8 35.Qf7+ Kh8 36.Qf8+ Kh7 37.Qf7+ Kh8 38.Qf8+ 1/2-1/2

[Event "Vienna Chess Open 2015 Group A"]
[Site "Grosser Festsaal im Wiener Rathaus, 1010 Wien"]
[Date "2015.08.16"]
[Round "2"]
[Board "24"]
[White "Salomon, Johan"]
[Black "Leitner, Gerald"]
[Result "0-1"]
[WhiteElo "2439"]
[BlackElo "2193"]
[PlyCount "144"]
[EventDate "2015.08.15"]
[EventRounds "9"]
[EventCountry "AUT"]

1.d4 Nf6 2.Bg5 c5 3.d5 Qb6 4.Nc3 Qxb2 5.Bd2 Qb6 6.e4 e5 7.f4 d6 8.Nf3 Nbd7 9.fxe5
Nxe5 10.Nxe5 dxe5 11.Bb5+ Bd7 12.Bxd7+ Nxd7 13.Rb1 Qc7 14.Nb5 Qd8 15.O-O a6 16.Nc3
b5 17.Qh5 g6 18.Qh3 Qe7 19.Rbd1 Qd6 20.Qf3 f6 21.Qh3 Rd8 22.Be3 c4 23.g4 Be7 24.Bh6
Rg8 25.Be3 Rg7 26.Rf3 Rf7 27.Rdf1 Kf8 28.g5 Kg7 29.Ne2 Rff8 30.Qh6+ Kg8 31.Rh3 Rf7
32.Ng3 Rdf8 33.Nf5 gxf5 34.g6 Rg7 35.exf5 Qxd5 36.Rg3 Kh8 37.Qh5 Bc5 38.Rd1 Bxe3+
39.Rxe3 Qc5 40.Qh6 Nb6 41.Kf1 Nd5 42.Rg3 Rfg8 43.gxh7 Rxh7 44.Rxg8+ Kxg8 45.Qg6+ Kh8
46.Qe8+ Kg7 47.Qg6+ Kf8 48.Qxh7 Ne3+ 49.Ke2 Nxd1 50.Kxd1 Qd4+ 51.Ke2 e4 52.h4 c3 53.Qh6+
Ke7 54.Qf4 Kf7 55.Qc7+ Kg8 56.Qg3+ Kh8 57.Qg6 Qd2+ 58.Kf1 Qd1+ 59.Kf2 Qxc2+ 60.Kg3
Qd3+ 61.Kh2 Qe2+ 62.Kh3 Qf3+ 63.Kh2 Qf4+ 64.Kh3 Qe5 65.h5 c2 66.Qh6+ Kg8 67.Kg4 e3
68.Qg6+ Kf8 69.Qh6+ Ke8 70.Qg6+ Kd8 71.Qg8+ Kc7 72.Qf7+ Kb6 0-1

[Event "Vienna Chess Open 2015 Group A"]
[Site "Grosser Festsaal im Wiener Rathaus, 1010 Wien"]
[Date "2015.08.16"]
[Round "2"]
[Board "25"]
[White "Goessler, Markus"]
[Black "Schreiner, Peter"]
[Result "0-1"]
[WhiteElo "2196"]
[BlackElo "2439"]
[PlyCount "64"]
[EventDate "2015.08.15"]
[EventRounds "9"]
[EventCountry "AUT"]

1.e4 c5 2.Nf3 Nc6 3.Bb5 g6 4.Bxc6 dxc6 5.d3 Bg7 6.h3 Nf6 7.Nc3 Nd7 8.Be3 O-O 9.Qd2
Re8 10.O-O b6 11.Nh2 e5 12.Bg5 Qc7 13.Rae1 Nf8 14.Ng4 Bxg4 15.hxg4 Ne6 16.Bh6 Rad8
17.b3 b5 18.Nd1 Nd4 19.Bxg7 Kxg7 20.Re3 Rh8 21.Rh3 h6 22.Ne3 Qc8 23.Qa5 h5 24.gxh5
Ne2+ 25.Kh1 Rxh5 26.Rxh5 Rh8 27.g4 Rxh5+ 28.Kg2 Nf4+ 29.Kg1 Rh3 30.f3 Qh8 31.Ng2 Rh1+
32.Kf2 Qh2 0-1

[Event "Vienna Chess Open 2015 Group A"]
[Site "Grosser Festsaal im Wiener Rathaus, 1010 Wien"]
[Date "2015.08.16"]
[Round "2"]
[Board "26"]
[White "Monroy, Charles"]
[Black "Egorov, Konstantin"]
[Result "1-0"]
[WhiteElo "2436"]
[BlackElo "2190"]
[PlyCount "128"]
[EventDate "2015.08.15"]
[EventRounds "9"]
[EventCountry "AUT"]

1.Nf3 Nf6 2.c4 e6 3.g3 d5 4.Bg2 Be7 5.O-O O-O 6.d4 dxc4 7.Qc2 a6 8.a4 Bd7 9.Qxc4 Bc6
10.Bf4 Bd6 11.Qc1 a5 12.Nc3 Na6 13.Rd1 Nb4 14.Be5 Nbd5 15.Qb1 Nxc3 16.bxc3 Nd5 17.Qb3
Nb6 18.c4 Bb4 19.d5 exd5 20.cxd5 Bxd5 21.Qc2 Bd6 22.Rab1 Bxe5 23.Nxe5 Qe7 24.Bxd5
Qxe5 25.Bxb7 Rad8 26.e3 Rxd1+ 27.Rxd1 h5 28.h4 g6 29.Bc6 Kg7 30.Bb5 Rc8 31.Qc6 Qf6
32.Rc1 Qxc6 33.Rxc6 Nd5 34.Bc4 Nb6 35.Ba6 Rf8 36.Bb5 Rc8 37.e4 Kf8 38.f3 Ke7 39.Kf2
Kd8 40.Ke3 Ke7 41.f4 Kf8 42.Rc5 Ke7 43.e5 Ke6 44.Ke4 f5+ 45.Ke3 Nd5+ 46.Kd4 Ne7 47.Kc3
Ra8 48.Bc4+ Kd7 49.Rb5 Ra7 50.Rb8 c6 51.Rf8 Rb7 52.Ra8 Rb1 53.Ra7+ Kd8 54.Rxa5 Rg1
55.Ra8+ Kc7 56.Ra7+ Kd8 57.Kb4 Rxg3 58.a5 Rg1 59.a6 Ra1 60.Kc5 Ra5+ 61.Kb6 Ra4 62.Rxe7
Kxe7 63.a7 Kd7 64.Ba6 Kd6 1-0

[Event "Vienna Chess Open 2015 Group A"]
[Site "Grosser Festsaal im Wiener Rathaus, 1010 Wien"]
[Date "2015.08.16"]
[Round "2"]
[Board "27"]
[White "Wiesinger, Robert"]
[Black "Froewis, Georg"]
[Result "1/2-1/2"]
[WhiteElo "2191"]
[BlackElo "2434"]
[PlyCount "78"]
[EventDate "2015.08.15"]
[EventRounds "9"]
[EventCountry "AUT"]

1.e4 c6 2.d4 d5 3.Nc3 g6 4.h3 Bg7 5.Nf3 Nh6 6.Bd3 dxe4 7.Nxe4 Nf5 8.c3 Nd7 9.O-O O-O
10.Bg5 Nb6 11.Re1 Nd5 12.Qe2 Qc7 13.Bc4 h6 14.Bd2 b6 15.Rad1 Bb7 16.g4 Nd6 17.Bxd5
cxd5 18.Nxd6 exd6 19.Qe7 Qxe7 20.Rxe7 Bc6 21.Bf4 Rfd8 22.Rc7 Bb5 23.Nd2 Bf8 24.Nf1
Rdc8 25.Rxc8 Rxc8 26.Ne3 Bc6 27.f3 f6 28.Kf2 Kf7 29.h4 Bb7 30.Rh1 b5 31.h5 g5 32.Bg3
a5 33.a3 Bc6 34.Ra1 Rb8 35.Nf5 Ke6 36.Ke3 Be8 37.Kd3 Kd7 38.Be1 Ke6 39.Bd2 Kf7 1/2-1/2

[Event "Vienna Chess Open 2015 Group A"]
[Site "Grosser Festsaal im Wiener Rathaus, 1010 Wien"]
[Date "2015.08.16"]
[Round "2"]
[Board "28"]
[White "Kilgus, Georg"]
[Black "Jacobs, Florian"]
[Result "1-0"]
[WhiteElo "2421"]
[BlackElo "2187"]
[PlyCount "97"]
[EventDate "2015.08.15"]
[EventRounds "9"]
[EventCountry "AUT"]

1.Nf3 Nf6 2.g3 g6 3.Bg2 Bg7 4.c4 O-O 5.d4 d6 6.O-O Nc6 7.Nc3 a6 8.Bf4 Rb8 9.Rc1 h6
10.h3 g5 11.Bd2 g4 12.hxg4 Bxg4 13.d5 Na7 14.Qc2 c5 15.e4 b5 16.b3 Bxf3 17.Bxf3 Nd7
18.Kg2 e6 19.Rh1 Qf6 20.Rh3 bxc4 21.bxc4 Nc8 22.Rch1 Ncb6 23.Nd1 Ne5 24.Be2 Nbxc4
25.Rxh6 Bxh6 26.Rxh6 Na3 27.Qc3 Nb1 28.Rxf6 Nxc3 29.Bxc3 Kg7 30.Rf4 Rb1 31.Rg4+ Kh7
32.Rh4+ Kg8 33.Ne3 a5 34.Nc4 Rc1 35.Bxe5 dxe5 36.Nxa5 Ra8 37.Nb3 Rc3 38.dxe6 fxe6
39.Bg4 Kf7 40.Rh7+ Kf6 41.Rc7 c4 42.Nc5 Rxa2 43.Nd7+ Kg5 44.Nxe5 Rcc2 45.Rf7 Ra6 46.Bd1
Rc1 47.Be2 Ra4 48.f4+ Kh6 49.g4 1-0

[Event "Vienna Chess Open 2015 Group A"]
[Site "Grosser Festsaal im Wiener Rathaus, 1010 Wien"]
[Date "2015.08.16"]
[Round "2"]
[Board "29"]
[White "Mitchell, Martin"]
[Black "Tan, Justin"]
[Result "1-0"]
[WhiteElo "2187"]
[BlackElo "2421"]
[PlyCount "121"]
[EventDate "2015.08.15"]
[EventRounds "9"]
[EventCountry "AUT"]

1.d4 d5 2.c4 c6 3.cxd5 cxd5 4.Nf3 Nf6 5.Nc3 Nc6 6.Bf4 Nh5 7.Bd2 e6 8.e3 Nf6 9.Bd3
Be7 10.O-O O-O 11.Rc1 Ne8 12.a3 Bd7 13.Qe2 Bf6 14.b4 g6 15.e4 Bg7 16.exd5 exd5 17.b5
Nxd4 18.Nxd4 Bxd4 19.Nxd5 Be6 20.Nf4 Ng7 21.Nxe6 Nxe6 22.Bc4 Re8 23.Qf3 Be5 24.Bb4
Rc8 25.Bxe6 Rxe6 26.Qxb7 Rb8 27.Qxa7 Bd4 28.Qa4 Qg5 29.Rcd1 Re4 30.Rd3 h5 31.Qd1 Be5
32.Bd2 Qf5 33.Rf3 Qd7 34.Bb4 Qxb5 35.Qb3 Qb7 36.Rd1 Re8 37.g3 h4 38.Qd5 Qxd5 39.Rxd5
h3 40.Re3 Rxe3 41.fxe3 Bc7 42.Kf2 Bb6 43.Bd2 Ra8 44.Rb5 Bd8 45.a4 f5 46.a5 Kf7 47.Kf3
Ke6 48.e4 Bc7 49.exf5+ gxf5 50.Rb2 Kd5 51.Rc2 Bd6 52.Ra2 Ra6 53.Bf4 Bb4 54.Bc7 Kc6
55.Bb6 Bd6 56.Ra4 Ra8 57.Rh4 Rf8 58.Rxh3 f4 59.g4 Re8 60.g5 Kd5 61.a6 1-0

[Event "Vienna Chess Open 2015 Group A"]
[Site "Grosser Festsaal im Wiener Rathaus, 1010 Wien"]
[Date "2015.08.16"]
[Round "2"]
[Board "30"]
[White "Holm, Kristian Stuvik"]
[Black "Papenbrock, Volker"]
[Result "1-0"]
[WhiteElo "2418"]
[BlackElo "2182"]
[PlyCount "55"]
[EventDate "2015.08.15"]
[EventRounds "9"]
[EventCountry "AUT"]

1.d4 f5 2.Bg5 g6 3.Nd2 Bg7 4.e3 Nf6 5.h4 d6 6.Bc4 Nc6 7.h5 e5 8.hxg6 hxg6 9.Rxh8+
Bxh8 10.Ngf3 Qe7 11.c3 exd4 12.cxd4 Bd7 13.Qc2 O-O-O 14.O-O-O Bg7 15.Nh4 Be8 16.g4
fxg4 17.Nxg6 Qd7 18.Nf4 Bf7 19.Bxf7 Qxf7 20.Qf5+ Qd7 21.Qxd7+ Rxd7 22.Rg1 Bh8 23.Bxf6
Bxf6 24.Rxg4 Rh7 25.Nd3 a5 26.a3 b6 27.Rg1 Kb7 28.Kd1 1-0

[Event "Vienna Chess Open 2015 Group A"]
[Site "Grosser Festsaal im Wiener Rathaus, 1010 Wien"]
[Date "2015.08.16"]
[Round "2"]
[Board "31"]
[White "Stiller, Juergen"]
[Black "Christiansen, Johan-Sebastian"]
[Result "1-0"]
[WhiteElo "2183"]
[BlackElo "2416"]
[PlyCount "139"]
[EventDate "2015.08.15"]
[EventRounds "9"]
[EventCountry "AUT"]

1.d4 d5 2.Nf3 Nf6 3.Bf4 c5 4.e3 Nc6 5.c3 Qb6 6.Qb3 c4 7.Qxb6 axb6 8.Nbd2 b5 9.a3 b4
10.cxb4 Nxb4 11.Rc1 Nc6 12.Be2 e6 13.Ne5 Nxe5 14.Bxe5 b5 15.Bf3 Nd7 16.Bf4 f5 17.g4
Nf6 18.gxf5 exf5 19.Be5 Be6 20.Bxf6 gxf6 21.Nb1 Ra5 22.Nc3 b4 23.axb4 Bxb4 24.Kd2
Kd7 25.Ra1 Rha8 26.Rxa5 Rxa5 27.Rg1 Bf8 28.Bd1 Bh6 29.f4 Bf8 30.Bf3 Kc6 31.Kc2 Ra7
32.Rb1 Bb4 33.Rg1 Bf8 34.Bh5 Ra8 35.Bf3 Bf7 36.Rb1 Ra5 37.Rg1 Ra7 38.Rb1 Be6 39.Rg1
Bb4 40.Be2 Bf8 41.Bf3 Bf7 42.Be2 Ra5 43.Bf3 Kd7 44.Rb1 Ke7 45.b4 cxb3+ 46.Rxb3 Be6
47.Rb7+ Kd6 48.Rxh7 Kc6 49.h4 Bb4 50.Kb3 Bd6 51.Rh6 Be7 52.h5 Ra3+ 53.Kb2 Ra8 54.Rg6
Kd6 55.Rg7 Rb8+ 56.Kc2 Rc8 57.Kd3 Rb8 58.h6 Bf8 59.Rg6 Be7 60.h7 Rh8 61.Rg7 Bf8 62.Ra7
Kc6 63.Ra6+ Kd7 64.Bxd5 Bxd5 65.Nxd5 Bd6 66.Ra8 Bb8 67.Rxb8 Rxb8 68.Nxf6+ Kd6 69.Ng8
Rb3+ 70.Ke4 1-0

[Event "Vienna Chess Open 2015 Group A"]
[Site "Grosser Festsaal im Wiener Rathaus, 1010 Wien"]
[Date "2015.08.16"]
[Round "2"]
[Board "32"]
[White "Hauge, Lars Oskar"]
[Black "Horstmann, Olaf"]
[Result "1-0"]
[WhiteElo "2411"]
[BlackElo "2178"]
[PlyCount "57"]
[EventDate "2015.08.15"]
[EventRounds "9"]
[EventCountry "AUT"]

1.d4 e6 2.e4 d5 3.Nd2 a6 4.Ngf3 Nf6 5.Bd3 c5 6.dxc5 Bxc5 7.O-O Nc6 8.a3 O-O 9.b4 Be7
10.Bb2 Bd7 11.e5 Ne8 12.c4 Nc7 13.Qe2 dxc4 14.Nxc4 Nd5 15.Rfd1 Qc7 16.Qe4 g6 17.h4
Rad8 18.h5 Bc8 19.Rac1 b6 20.Qg4 Bb7 21.hxg6 hxg6 22.Bxg6 fxg6 23.Qxg6+ Kh8 24.Qxe6
Nf4 25.Qh6+ Kg8 26.e6 Ne2+ 27.Kf1 Ncd4 28.Qg6+ Kh8 29.Nxd4 1-0

[Event "Vienna Chess Open 2015 Group A"]
[Site "Grosser Festsaal im Wiener Rathaus, 1010 Wien"]
[Date "2015.08.16"]
[Round "2"]
[Board "33"]
[White "Sucher, Johannes"]
[Black "Manik, Mikulas"]
[Result "1/2-1/2"]
[WhiteElo "2181"]
[BlackElo "2410"]
[PlyCount "57"]
[EventDate "2015.08.15"]
[EventRounds "9"]
[EventCountry "AUT"]

1.d4 Nf6 2.Bg5 e6 3.Nc3 h6 4.Bxf6 Qxf6 5.e4 Bb4 6.Nf3 d6 7.Bd3 e5 8.O-O c6 9.a3 Ba5
10.b4 Bb6 11.d5 O-O 12.Na4 Bc7 13.c4 Nd7 14.Rc1 c5 15.bxc5 dxc5 16.Nc3 Rd8 17.Rb1
Nf8 18.Nb5 Bb8 19.Nd2 g6 20.Nb3 b6 21.a4 a6 22.Nc3 a5 23.Nb5 h5 24.Nd2 Nh7 25.Be2
Qg5 26.Nf3 Qe7 27.Qd2 Nf6 28.Ng5 Bd7 29.Rb3 1/2-1/2

[Event "Vienna Chess Open 2015 Group A"]
[Site "Grosser Festsaal im Wiener Rathaus, 1010 Wien"]
[Date "2015.08.16"]
[Round "2"]
[Board "34"]
[White "Soors, Stef"]
[Black "Lewicki, Miroslaw"]
[Result "1-0"]
[WhiteElo "2407"]
[BlackElo "2176"]
[PlyCount "53"]
[EventDate "2015.08.15"]
[EventRounds "9"]
[EventCountry "AUT"]

1.e4 c5 2.Nf3 d6 3.Bb5+ Bd7 4.Bxd7+ Qxd7 5.O-O g6 6.c3 d5 7.exd5 Qxd5 8.d4 e6 9.Be3
Nd7 10.Qe2 Ngf6 11.Rd1 Qc6 12.c4 Be7 13.Ne5 Nxe5 14.dxe5 Nd7 15.Bh6 g5 16.Nc3 Rg8
17.f4 Rg6 18.fxg5 Bxg5 19.Bxg5 Rxg5 20.Ne4 Rg6 21.Rd6 Qc7 22.Rad1 Nb6 23.b3 Kf8 24.h4
Kg8 25.h5 Rg7 26.Nf6+ Kh8 27.Qd2 1-0

[Event "Vienna Chess Open 2015 Group A"]
[Site "Grosser Festsaal im Wiener Rathaus, 1010 Wien"]
[Date "2015.08.16"]
[Round "2"]
[Board "35"]
[White "Sorbera, Giovanni"]
[Black "Carow, Johannes"]
[Result "0-1"]
[WhiteElo "2177"]
[BlackElo "2407"]
[PlyCount "78"]
[EventDate "2015.08.15"]
[EventRounds "9"]
[EventCountry "AUT"]

1.c4 c5 2.Nc3 g6 3.g3 Bg7 4.Bg2 Nc6 5.a3 e6 6.Rb1 Nge7 7.b4 d6 8.e3 O-O 9.Nge2 Rb8
10.O-O b6 11.d4 cxd4 12.exd4 Bb7 13.Bg5 h6 14.Be3 Nf5 15.Qd2 Nce7 16.d5 e5 17.a4 Rc8
18.Nb5 Rxc4 19.Qd3 Nxe3 20.fxe3 Rc8 21.Nxa7 Ra8 22.Nc6 Qd7 23.Rfc1 Rxa4 24.Qb5 Ra2
25.Nxe7+ Qxe7 26.Nc3 Ra6 27.Na4 Qd8 28.Rc2 h5 29.Kh1 Bh6 30.e4 h4 31.g4 h3 32.Bxh3
Qh4 33.Bg2 Bf4 34.Bf1 Qxg4 35.Nxb6 Be3 36.Rg2 Qxe4 37.Bd3 Rxb6 38.Bxe4 Rxb5 39.h4
Bxd5 0-1

[Event "Vienna Chess Open 2015 Group A"]
[Site "Grosser Festsaal im Wiener Rathaus, 1010 Wien"]
[Date "2015.08.16"]
[Round "2"]
[Board "36"]
[White "Zeller, Frank"]
[Black "Schwab, Lukas"]
[Result "1-0"]
[WhiteElo "2402"]
[BlackElo "2175"]
[PlyCount "107"]
[EventDate "2015.08.15"]
[EventRounds "9"]
[EventCountry "AUT"]

1.Nf3 d5 2.c4 e6 3.g3 Nf6 4.Bg2 dxc4 5.O-O Bd6 6.Na3 Bxa3 7.bxa3 O-O 8.Bb2 Nbd7 9.Rc1
a6 10.Rxc4 b5 11.Rh4 Bb7 12.Qc2 h6 13.g4 Nh7 14.Rh3 Rc8 15.Rg3 Bxf3 16.Bxf3 c5 17.Be4
Ndf6 18.Bb7 Rb8 19.Bg2 Qd6 20.f4 Rbd8 21.d3 c4 22.Kh1 cxd3 23.exd3 Rc8 24.Qe2 Nd5
25.Be5 Qe7 26.g5 hxg5 27.fxg5 f6 28.gxf6 Nhxf6 29.Rg1 Rf7 30.Rg6 Kf8 31.Qe1 Rc2 32.Qg3
Ke8 33.Re1 Nb6 34.Qh3 Kd7 35.Qe3 Nc8 36.Bh3 Rc6 37.Qd4+ Ke8 38.Bg2 Rc2 39.Bf3 Qd7
40.Qh4 Ke7 41.Rxg7 Rxg7 42.Qxf6+ Ke8 43.Qxg7 Qxg7 44.Bxg7 Kf7 45.Be5 Nb6 46.Rg1 Rxa2
47.Rg7+ Kf8 48.Ra7 Rf2 49.Bg4 Rf1+ 50.Kg2 Re1 51.Bd6+ Kg8 52.Re7 Re3 53.Bxe6+ Kh8
54.Bc5 1-0

[Event "Vienna Chess Open 2015 Group A"]
[Site "Grosser Festsaal im Wiener Rathaus, 1010 Wien"]
[Date "2015.08.17"]
[Round "3"]
[Board "1"]
[White "Ruff, Maximilian"]
[Black "Shengelia, David"]
[Result "0-1"]
[WhiteElo "2336"]
[BlackElo "2572"]
[PlyCount "76"]
[EventDate "2015.08.15"]
[EventRounds "9"]
[EventCountry "AUT"]

1.e4 c5 2.Nf3 Nc6 3.Bb5 e6 4.Bxc6 bxc6 5.b3 d6 6.e5 dxe5 7.Nxe5 Qd4 8.Bb2 Qe4+ 9.Kf1
f6 10.Qf3 Qxc2 11.Qxc6+ Kd8 12.Nc3 fxe5 13.Qxa8 Qxb2 14.Re1 Nf6 15.Qxa7 Be7 16.Qa8
Rf8 17.h3 Bd6 18.Nb5 Qxd2 19.Na7 Qd3+ 20.Kg1 Qa6 21.Qxc8+ Qxc8 22.Nxc8 Kxc8 23.Rd1
Kc7 24.Rd2 Nd5 25.g3 e4 26.Re2 Nc3 27.Rc2 Be5 28.Kg2 Bd4 29.Rhc1 Nd5 30.Re2 Kd6 31.Rcc2
e3 32.f4 e5 33.fxe5+ Kxe5 34.a3 Ke4 35.b4 Nc3 36.Re1 Kd3 37.Rcc1 Rf2+ 38.Kh1 c4 0-1

[Event "Vienna Chess Open 2015 Group A"]
[Site "Grosser Festsaal im Wiener Rathaus, 1010 Wien"]
[Date "2015.08.17"]
[Round "3"]
[Board "2"]
[White "Picard, Romain"]
[Black "Ruck, Robert"]
[Result "1/2-1/2"]
[WhiteElo "2326"]
[BlackElo "2552"]
[PlyCount "41"]
[EventDate "2015.08.15"]
[EventRounds "9"]
[EventCountry "AUT"]

1.Nf3 Nf6 2.g3 g6 3.Bg2 Bg7 4.d4 d5 5.O-O O-O 6.c4 dxc4 7.Na3 Nc6 8.Nxc4 Be6 9.b3
Bd5 10.Bb2 a5 11.Ne3 Be4 12.a3 Qc8 13.Rc1 Rd8 14.Nc4 h6 15.e3 Bd5 16.Qe2 Qe6 17.Rfd1
Ne8 18.Nfe5 Bxg2 19.Kxg2 Bxe5 20.dxe5 b5 21.Nd2 1/2-1/2

[Event "Vienna Chess Open 2015 Group A"]
[Site "Grosser Festsaal im Wiener Rathaus, 1010 Wien"]
[Date "2015.08.17"]
[Round "3"]
[Board "3"]
[White "Heberla, Bartlomiej"]
[Black "Barle, Janez"]
[Result "1-0"]
[WhiteElo "2548"]
[BlackElo "2324"]
[PlyCount "41"]
[EventDate "2015.08.15"]
[EventRounds "9"]
[EventCountry "AUT"]

1.e4 e5 2.Nf3 Nc6 3.d4 exd4 4.Nxd4 d6 5.Nc3 Nf6 6.Bb5 Bd7 7.Bxc6 bxc6 8.Bg5 Be7 9.Qd3
O-O 10.O-O-O Ng4 11.Bxe7 Qxe7 12.Qg3 Nf6 13.Rhe1 Rfe8 14.f4 c5 15.Nb3 Bc6 16.e5 Nh5
17.Qf2 c4 18.Na5 Bxg2 19.exd6 Qf6 20.Rxe8+ Rxe8 21.d7 1-0

[Event "Vienna Chess Open 2015 Group A"]
[Site "Grosser Festsaal im Wiener Rathaus, 1010 Wien"]
[Date "2015.08.17"]
[Round "3"]
[Board "4"]
[White "Wukits, Rene"]
[Black "Brunello, Sabino"]
[Result "0-1"]
[WhiteElo "2321"]
[BlackElo "2545"]
[PlyCount "82"]
[EventDate "2015.08.15"]
[EventRounds "9"]
[EventCountry "AUT"]

1.d4 Nf6 2.c4 e6 3.Nc3 c5 4.d5 exd5 5.cxd5 d6 6.Nf3 g6 7.g3 Bg7 8.Bg2 O-O 9.O-O a6
10.a4 Re8 11.Nd2 Nbd7 12.h3 Rb8 13.Nc4 Ne5 14.Na3 Nh5 15.e4 Bd7 16.a5 b5 17.axb6 Bb5
18.Naxb5 axb5 19.Nxb5 Qxb6 20.Na3 Qb3 21.Qxb3 Rxb3 22.Nc2 Nd3 23.Ra6 Be5 24.Na1 Nxc1
25.Nxb3 Nxb3 26.f4 Bd4+ 27.Kh2 Rd8 28.Rf3 c4 29.Ra4 Bxb2 30.Rxc4 Nd2 31.Rb4 Nxf3+
32.Bxf3 Ba3 33.Ra4 Bc5 34.Bxh5 gxh5 35.Kg2 Rb8 36.e5 Kg7 37.Ra6 Rb2+ 38.Kf3 Rb3+ 39.Kg2
h4 40.gxh4 Rd3 41.e6 fxe6 0-1